[Event "Andorra open"]
[Site "Escaldes"]
[Date "2018.07.29"]
[Round "9.5"]
[White "Demuth, Adrien"]
[Black "Llaneza Vega, Patricia"]
[Result "1-0"]
[WhiteElo "2524"]
[BlackElo "2099"]
[PlyCount "77"]
[EventDate "2018.07.21"]
[EventType "swiss"]
[EventRounds "9"]
[EventCountry "AND"]

1. d4 Nf6 2. c4 g6 3. Nc3 Bg7 4. e4 d6 5. Bd3 O-O 6. Nge2 Nc6 7. O-O Nh5 8. Bc2
e5 9. d5 Ne7 10. f4 f5 11. exf5 gxf5 12. fxe5 dxe5 13. Bg5 Bf6 14. Bxf6 Rxf6
15. Qe1 Qf8 16. Qh4 Rh6 17. Qg5+ Qg7 18. Qxg7+ Nxg7 19. Rae1 Ng6 20. Nb5 c6 21.
dxc6 bxc6 22. Nd6 Ne7 23. c5 Be6 24. Ng3 e4 25. Bb3 Bxb3 26. axb3 Rb8 27. Ra1
Nc8 28. Nxc8 Rxc8 29. Rxa7 Rb8 30. Rxg7+ Kxg7 31. Nxf5+ Kg6 32. Nxh6 Kxh6 33.
Rf6+ Kg5 34. Rxc6 Rxb3 35. Rb6 Rd3 36. Rd6 Rb3 37. Rb6 Rd3 38. Rd6 Rb3 39. Rd2
1-0

[Event "Andorra open"]
[Site "Escaldes"]
[Date "2018.07.29"]
[Round "9.6"]
[White "Fluvia Poyatos, Jordi"]
[Black "Arizmendi Martinez, Julen Luis"]
[Result "1/2-1/2"]
[WhiteElo "2436"]
[BlackElo "2507"]
[PlyCount "38"]
[EventDate "2018.07.21"]
[EventType "swiss"]
[EventRounds "9"]
[EventCountry "AND"]

1. e4 c6 2. d4 d5 3. e5 c5 4. dxc5 e6 5. Nf3 Bxc5 6. Bd3 Ne7 7. O-O Ng6 8. Re1
Nc6 9. Qe2 O-O 10. Bg5 Nd4 11. Bxd8 Nxe2+ 12. Rxe2 Rxd8 13. g3 Bd7 14. Nbd2 a6
15. Nb3 Ba7 16. Nbd4 Nf8 17. a4 Be8 18. a5 Bc5 19. Nb3 Be7 1/2-1/2

[Event "Andorra open"]
[Site "Escaldes"]
[Date "2018.07.29"]
[Round "9.7"]
[White "Kunin, Vitaly"]
[Black "Ruperez Benito, Antonio"]
[Result "1-0"]
[WhiteElo "2538"]
[BlackElo "2329"]
[PlyCount "63"]
[EventDate "2018.07.21"]
[EventType "swiss"]
[EventRounds "9"]
[EventCountry "AND"]

1. d4 e6 2. c4 d5 3. Nc3 Nf6 4. Bg5 Be7 5. e3 O-O 6. Nf3 h6 7. Bh4 Ne4 8. Bxe7
Qxe7 9. Rc1 c6 10. g4 Nd7 11. h4 Nxc3 12. Rxc3 c5 13. cxd5 exd5 14. g5 h5 15.
Bg2 c4 16. Nd2 Nb6 17. Qxh5 Qb4 18. g6 fxg6 19. Bxd5+ Nxd5 20. Qxd5+ Rf7 21.
Nxc4 Qe7 22. Ne5 Be6 23. Qc5 Qf6 24. Nxf7 Qxf7 25. Qe5 Rf8 26. Rh2 Bc4 27. h5
Re8 28. Qg5 Ba6 29. hxg6 Qxa2 30. Qc5 Rd8 31. Qc7 Re8 32. Qf7+ 1-0

[Event "Andorra open"]
[Site "Escaldes"]
[Date "2018.07.29"]
[Round "9.8"]
[White "Smith, Axel"]
[Black "Vidal, Llewellyn"]
[Result "1-0"]
[WhiteElo "2491"]
[BlackElo "2221"]
[PlyCount "119"]
[EventDate "2018.07.21"]
[EventType "swiss"]
[EventRounds "9"]
[EventCountry "AND"]

1. c4 c5 2. Nf3 Nc6 3. d4 cxd4 4. Nxd4 g6 5. e4 Bg7 6. Nc2 Qb6 7. Nd2 Nf6 8.
Be2 O-O 9. O-O d6 10. b3 Nd7 11. Rb1 Nc5 12. Ne3 a5 13. Bb2 Bxb2 14. Rxb2 e5
15. Nd5 Qd8 16. Nc3 Qb6 17. Nd5 Qd8 18. Nc3 Be6 19. h3 Qb6 20. Nb5 Rfd8 21. Re1
Rd7 22. Bf1 Rf8 23. Nf3 h6 24. Rd2 Rfd8 25. a3 Na7 26. b4 Na6 27. bxa5 Qc5 28.
Qa4 Nc6 29. Red1 Nc7 30. Nxc7 Rxc7 31. Qb5 Ra8 32. Rxd6 Rxa5 33. Qxc5 Rxc5 34.
Nd2 Na5 35. f3 Nxc4 36. Rxe6 fxe6 37. Nxc4 Rxc4 38. Bxc4 Rxc4 39. Rd8+ Kf7 40.
Rd7+ Kf6 41. Rxb7 Rc1+ 42. Kf2 Ra1 43. Ra7 Ra2+ 44. Kg3 g5 45. a4 h5 46. a5 h4+
47. Kh2 Ra1 48. a6 Kg6 49. Ra8 Kf7 50. a7 Kg7 51. g4 hxg3+ 52. Kxg3 Rg1+ 53.
Kf2 Ra1 54. Ke3 Ra2 55. Kd3 Ra1 56. Kc4 Ra2 57. Kc5 Ra6 58. Kb5 Ra1 59. Kc6 Ra3
60. Kd6 1-0

[Event "Andorra open"]
[Site "Escaldes"]
[Date "2018.07.29"]
[Round "9.9"]
[White "Shen, Christopher"]
[Black "Nayhebaver, Martin"]
[Result "0-1"]
[WhiteElo "2266"]
[BlackElo "2478"]
[PlyCount "90"]
[EventDate "2018.07.21"]
[EventType "swiss"]
[EventRounds "9"]
[EventCountry "AND"]

1. c4 b6 2. g3 Bb7 3. Nf3 Nf6 4. Bg2 e6 5. d4 Bb4+ 6. Bd2 Be7 7. O-O c5 8. Nc3
cxd4 9. Nxd4 Bxg2 10. Kxg2 Qc8 11. b3 O-O 12. e4 d6 13. Rc1 Qb7 14. Qe2 Nbd7
15. Rfd1 a6 16. f3 Rac8 17. Be3 Rfe8 18. Qd2 Ne5 19. Bf2 h6 20. Re1 Nfd7 21.
Qe2 Bf8 22. f4 Ng6 23. Qf3 Nc5 24. Rcd1 e5 25. Nf5 b5 26. cxb5 exf4 27. gxf4
Ne6 28. Nd5 axb5 29. Rd2 Nc7 30. Nxc7 Qxc7 31. Ne3 Qa5 32. Red1 Rc3 33. Rd3
Qxa2 34. R1d2 Qxb3 35. Nd5 Rxd3 36. Rxd3 Qc2 37. Kg3 Be7 38. Nxe7+ Rxe7 39. h4
b4 40. h5 Nf8 41. Rxd6 Rd7 42. e5 b3 43. Qa8 Rxd6 44. exd6 Qd3+ 45. Kh4 Qxd6
0-1

[Event "Andorra open"]
[Site "Escaldes"]
[Date "2018.07.29"]
[Round "9.10"]
[White "Pena Gomez, Manuel"]
[Black "Tleptsok, Ruslan"]
[Result "1-0"]
[WhiteElo "2475"]
[BlackElo "2126"]
[PlyCount "109"]
[EventDate "2018.07.21"]
[EventType "swiss"]
[EventRounds "9"]
[EventCountry "AND"]

1. g3 Nf6 2. Bg2 d5 3. Nf3 c6 4. O-O g6 5. c4 Bg7 6. Qc2 O-O 7. d3 dxc4 8. Qxc4
Qa5 9. Qh4 Qh5 10. Qxh5 Nxh5 11. Nc3 Na6 12. Rb1 h6 13. Be3 Rd8 14. Rfc1 Be6
15. a4 Nc7 16. a5 Nd5 17. Bd2 f5 18. Na4 a6 19. Bc3 Nhf6 20. Ne5 Kh7 21. Be1
Rab8 22. Nc5 Bc8 23. Nxa6 bxa6 24. Nxc6 Bd7 25. Nxd8 Rxd8 26. e4 Bb5 27. exd5
Bxd3 28. Ra1 Nxd5 29. Rd1 Bc4 30. Rac1 Ba2 31. Bxd5 Bxd5 32. Rc7 Bxb2 33. Rxe7+
Kg8 34. Re3 Kf7 35. Red3 Ke6 36. Bb4 Bf6 37. Bc5 h5 38. h4 f4 39. Kh2 g5 40.
Re1+ Kf5 41. hxg5 Bxg5 42. Be7 fxg3+ 43. fxg3 Bxe7 44. Rxe7 Rd6 45. Ree3 Rd7
46. Rd2 Kf6 47. Rf2+ Kg6 48. Rd3 Be6 49. Rxd7 Bxd7 50. Rd2 Bb5 51. Rd6+ Kg7 52.
Kh3 Be2 53. Kh4 Kf7 54. Rh6 Kg7 55. Rxh5 1-0

[Event "Andorra open"]
[Site "Escaldes"]
[Date "2018.07.29"]
[Round "9.11"]
[White "Ruiz Castillo, Joshua Daniel"]
[Black "Beshukov, Sergei"]
[Result "1-0"]
[WhiteElo "2410"]
[BlackElo "2417"]
[PlyCount "173"]
[EventDate "2018.07.21"]
[EventType "swiss"]
[EventRounds "9"]
[EventCountry "AND"]

1. e4 c5 2. Nf3 e6 3. d4 cxd4 4. Nxd4 Nc6 5. Nc3 Qc7 6. g3 Nf6 7. Bg2 a6 8. O-O
h6 9. Nxc6 bxc6 10. Re1 e5 11. Na4 d6 12. b3 Be7 13. c4 Be6 14. Bb2 O-O 15. Qd2
Nd7 16. f4 f6 17. Kh1 Rfd8 18. Rac1 Nc5 19. Nxc5 dxc5 20. Qe2 Bd6 21. f5 Bf7
22. Red1 a5 23. a4 Be7 24. Rxd8+ Rxd8 25. Bf3 Rd7 26. Bc3 Qd8 27. Kg2 Be8 28.
h4 Bd6 29. Qc2 Bc7 30. Be2 Qb8 31. g4 Qd8 32. Rg1 g5 33. Rh1 Bb6 34. Rh3 Rg7
35. Qc1 Rh7 36. Qh1 Qc7 37. Kf2 Qg7 38. Ke1 Qc7 39. Qh2 Qb7 40. Kd1 Qc7 41. Kc2
Qb7 42. Bd2 Qc7 43. Be3 Qe7 44. Qg1 Qa7 45. Qa1 Qc7 46. Kb2 Qb7 47. Bd1 Qc7 48.
Bc2 Qb7 49. Qg1 Qa7 50. Rh1 Qe7 51. Qf2 Qa7 52. b4 axb4 53. a5 Bxa5 54. Bxc5
Qb8 55. Bb3 Bd8 56. hxg5 fxg5 57. Qd2 Bf6 58. Bd6 Qb7 59. c5+ Bf7 60. Qd3 Kg7
61. Bxf7 Qxf7 62. Qb3 Qxb3+ 63. Kxb3 h5 64. gxh5 Rh8 65. Ra1 Rxh5 66. Ra7+ Kg8
67. Kxb4 Rh1 68. Ra3 Rb1+ 69. Ka5 Kg7 70. Ka6 Rb4 71. Rg3 Rb5 72. Rd3 Rb4 73.
Bc7 g4 74. Rg3 Rxe4 75. Kb6 Kh6 76. Kxc6 Kg5 77. Bd6 Re1 78. Kd7 Kf4 79. Rc3 g3
80. c6 g2 81. c7 g1=Q 82. c8=Q Kxf5 83. Rf3+ Kg4 84. Rxf6 Kg5 85. Be7 Qa7+ 86.
Ke8 Qa4+ 87. Kf8 1-0

[Event "Andorra open"]
[Site "Escaldes"]
[Date "2018.07.29"]
[Round "9.12"]
[White "Shabalov, Alexander"]
[Black "Morros Faura, Ricard"]
[Result "0-1"]
[WhiteElo "2567"]
[BlackElo "2227"]
[PlyCount "70"]
[EventDate "2018.07.21"]
[EventType "swiss"]
[EventRounds "9"]
[EventCountry "AND"]

1. e4 c5 2. Nc3 Nc6 3. f4 g6 4. Nf3 Bg7 5. Bb5 d6 6. O-O Bd7 7. d3 a6 8. Bxc6
Bxc6 9. Qe1 b5 10. Kh1 b4 11. Nd1 d5 12. Nf2 dxe4 13. dxe4 Bb5 14. Rg1 Qc8 15.
Rb1 Nf6 16. b3 O-O 17. a4 Bc6 18. Ne5 a5 19. Qe3 Qb7 20. Re1 Nd7 21. Nxc6 Qxc6
22. Bb2 Bxb2 23. Rxb2 c4 24. Rbb1 e5 25. Rbd1 Rfe8 26. Ng4 h5 27. Rxd7 hxg4 28.
Red1 cxb3 29. cxb3 Qf6 30. g3 Rac8 31. Kg1 Rc3 32. R7d3 Rec8 33. Rf1 Qa6 34.
Rfd1 Kg7 35. f5 Rd8 0-1

[Event "Andorra open"]
[Site "Escaldes"]
[Date "2018.07.29"]
[Round "9.13"]
[White "Gomez Anadon, Daniel"]
[Black "Aloma Vidal, Robert"]
[Result "1/2-1/2"]
[WhiteElo "2228"]
[BlackElo "2433"]
[PlyCount "175"]
[EventDate "2018.07.21"]
[EventType "swiss"]
[EventRounds "9"]
[EventCountry "AND"]

1. e4 e6 2. d3 d5 3. Nd2 Nf6 4. Ngf3 Nc6 5. g3 dxe4 6. dxe4 e5 7. Bg2 Bc5 8.
O-O O-O 9. Qe2 a5 10. Nb3 Bd6 11. Rd1 a4 12. Nc5 b6 13. Nd3 Bg4 14. c3 Qc8 15.
Bg5 Ne8 16. Re1 f6 17. Be3 Be7 18. Qc2 Nd6 19. Nd2 Be6 20. f4 Nc4 21. Nxc4 Bxc4
22. b3 Be6 23. Bf1 exf4 24. Nxf4 Bf7 25. Bh3 Qa6 26. bxa4 Ne5 27. Red1 Qc4 28.
Kh1 Rfd8 29. Nd5 Bd6 30. Rd4 Qc6 31. Rad1 Kh8 32. Bf1 Bh5 33. Be2 Bxe2 34. Qxe2
Re8 35. Nb4 Qxa4 36. Nd3 Qa6 37. Qg2 Nc6 38. Rd5 Ne7 39. Rd4 Qxa2 40. Qxa2 Rxa2
41. Bf4 Nc6 42. Rc4 Ne5 43. Nxe5 fxe5 44. Be3 Rb8 45. Rc6 Rb2 46. c4 Kg8 47.
Rc1 Re2 48. c5 Rxe3 49. cxd6 cxd6 50. Rxd6 Rxe4 51. Rc7 Rg4 52. Re6 Rg5 53. Kg2
b5 54. h4 Rg6 55. Rxe5 h6 56. Ree7 Rd8 57. Re3 b4 58. Rb7 Rg4 59. Kh3 Rdd4 60.
Re8+ Kh7 61. Ree7 Rc4 62. Red7 Rg6 63. Rd3 Re4 64. Rf3 Rgg4 65. Rff7 Kg8 66.
Rf3 Rc4 67. Rb8+ Kh7 68. Rb7 Rg6 69. Rb3 Rgg4 70. Rf3 Rcd4 71. Rff7 Rc4 72. Rf3
h5 73. Rf5 Kg6 74. Rff7 Kh6 75. Rf3 Rc6 76. Rb5 Rc7 77. Rb3 Rcc4 78. Rd3 Rgd4
79. Re3 Re4 80. Rd3 Rcd4 81. Rf3 Rd2 82. Rb6+ g6 83. Rff6 Rg4 84. Rf3 Rc2 85.
Rb7 Rc3 86. Rxc3 bxc3 87. Rc7 Re4 88. Rxc3 1/2-1/2

[Event "Andorra open"]
[Site "Escaldes"]
[Date "2018.07.29"]
[Round "9.14"]
[White "Berkovich, Mark A"]
[Black "Alboredo, Julia"]
[Result "1/2-1/2"]
[WhiteElo "2344"]
[BlackElo "2163"]
[PlyCount "116"]
[EventDate "2018.07.21"]
[EventType "swiss"]
[EventRounds "9"]
[EventCountry "AND"]

1. c4 e5 2. Nc3 Nc6 3. Nf3 Nf6 4. e3 Be7 5. d4 exd4 6. exd4 d5 7. c5 Bg4 8. Bb5
O-O 9. Bxc6 bxc6 10. h3 Bxf3 11. Qxf3 Ne4 12. O-O f5 13. Qd3 Bg5 14. Ne2 Bxc1
15. Raxc1 Qg5 16. Rc2 a5 17. f3 Nf6 18. Qd2 Qxd2 19. Rxd2 Nh5 20. Kf2 g5 21.
Nc1 Nf4 22. Re1 Rfe8 23. Ne2 Nxe2 24. Rdxe2 Rxe2+ 25. Rxe2 Kf7 26. Ke3 Kf6 27.
Kd3 h5 28. Kc3 Rg8 29. Kb3 g4 30. hxg4 hxg4 31. fxg4 Rxg4 32. Rd2 Rg8 33. Ka4
f4 34. a3 Kf5 35. Re2 Rg3 36. Kxa5 Re3 37. Rd2 Ke4 38. Kb4 Rg3 39. a4 Ke3 40.
Kc3 Ke4+ 41. Kc2 f3 42. gxf3+ Rxf3 43. a5 Rf1 44. Rd3 Rf2+ 45. Kc3 Rf1 46. Rh3
Ra1 47. Rh4+ Ke3 48. b4 Ra3+ 49. Kb2 Ra4 50. Kb3 Ra1 51. Kc3 Ra3+ 52. Kb2 Ra4
53. Kb3 Ra1 54. Rg4 Kd3 55. Kb2 Ra4 56. Kb3 Ra1 57. Kb2 Ra4 58. Kb3 Ra1 1/2-1/2

[Event "Andorra open"]
[Site "Escaldes"]
[Date "2018.07.29"]
[Round "9.15"]
[White "Martinez Lopez, Ivan"]
[Black "Terao, Juliana Sayumi"]
[Result "1/2-1/2"]
[WhiteElo "2195"]
[BlackElo "2308"]
[PlyCount "101"]
[EventDate "2018.07.21"]
[EventType "swiss"]
[EventRounds "9"]
[EventCountry "AND"]

1. Nf3 c5 2. c4 Nc6 3. g3 g6 4. Bg2 Bg7 5. O-O e6 6. e3 Nge7 7. Nc3 O-O 8. d4
d6 9. b3 cxd4 10. Nxd4 Nxd4 11. exd4 Nf5 12. Ne2 e5 13. Bb2 Qb6 14. dxe5 dxe5
15. Nc3 Be6 16. Nd5 Qd8 17. Re1 Re8 18. Qd2 Rc8 19. Rad1 Nd4 20. Bxd4 exd4 21.
Nf4 Rc7 22. Bd5 Bg4 23. Rxe8+ Qxe8 24. Re1 Re7 25. Rxe7 Qxe7 26. f3 Bc8 27. Kf2
b6 28. Qe2 Kf8 29. Qxe7+ Kxe7 30. Ke2 Bf5 31. Be4 Bd7 32. Kd3 Kd6 33. b4 a5 34.
a3 Bf8 35. Bd5 Be8 36. Ne2 Kc7 37. bxa5 bxa5 38. a4 Bxa4 39. Bxf7 Kd6 40. Nxd4
Bd7 41. Bg8 h6 42. f4 a4 43. c5+ Kxc5 44. Ne6+ Bxe6 45. Bxe6 Be7 46. h4 Kd6 47.
Bf7 a3 48. Ke4 Bf6 49. f5 g5 50. hxg5 hxg5 51. g4 1/2-1/2

[Event "Andorra open"]
[Site "Escaldes"]
[Date "2018.07.29"]
[Round "9.16"]
[White "Zalkind, Konstantin"]
[Black "Sole Pijuan, Ferran"]
[Result "1-0"]
[WhiteElo "2185"]
[BlackElo "2306"]
[PlyCount "109"]
[EventDate "2018.07.21"]
[EventType "swiss"]
[EventRounds "9"]
[EventCountry "AND"]

1. c4 c6 2. Nf3 d5 3. b3 Nf6 4. Bb2 Bf5 5. g3 e6 6. Bg2 Nbd7 7. O-O Bd6 8. d3
h6 9. Nbd2 Bh7 10. e4 dxe4 11. Nxe4 Be7 12. Qe2 O-O 13. Ne5 Qc7 14. f4 Nxe4 15.
dxe4 Rad8 16. Ng4 Bc5+ 17. Kh1 f6 18. Nf2 e5 19. Nd3 Bd6 20. Qf2 b6 21. b4 c5
22. b5 Bg6 23. f5 Bf7 24. Qc2 a5 25. g4 Rfe8 26. h4 Kf8 27. Bf3 Ke7 28. Kg2 Rh8
29. Nf2 Nf8 30. Nd1 g5 31. Ne3 Nh7 32. Rh1 Rdg8 33. Kf2 Qb8 34. Qd3 Qa8 35. Rh2
Rg7 36. Rah1 h5 37. gxh5 gxh4 38. Rxh4 Ng5 39. h6 Nxf3 40. Kxf3 Rg5 41. Bc1 Bc7
42. h7 Qb7 43. Nd5+ Bxd5 44. Bxg5 fxg5 45. Rg4 Bf7 46. Rxg5 Qc8 47. Rg7 Qd8 48.
Qe3 Ke8 49. Rhg1 Qf6 50. Rg8+ Ke7 51. Rxh8 Qxh8 52. Qg5+ Kf8 53. Qh6+ Ke7 54.
Qg7 Qd8 55. Qg5+ 1-0

[Event "Andorra open"]
[Site "Escaldes"]
[Date "2018.07.29"]
[Round "9.18"]
[White "Saada, Julien"]
[Black "Garcia Paolicchi, Raul"]
[Result "1/2-1/2"]
[WhiteElo "2266"]
[BlackElo "2155"]
[PlyCount "38"]
[EventDate "2018.07.21"]
[EventType "swiss"]
[EventRounds "9"]
[EventCountry "AND"]

1. d4 d5 2. c4 c6 3. Nf3 Nf6 4. e3 Bg4 5. Qb3 Qb6 6. Ne5 Bf5 7. cxd5 Qxb3 8.
axb3 Nxd5 9. Nc3 Nb4 10. Ra4 e6 11. e4 Bg6 12. Nd3 Nc2+ 13. Kd1 b5 14. Kxc2
bxa4 15. bxa4 Na6 16. Be3 Nb4+ 17. Nxb4 Bxb4 18. f3 a5 19. Bc4 O-O 1/2-1/2

[Event "Andorra open"]
[Site "Escaldes"]
[Date "2018.07.29"]
[Round "9.19"]
[White "Palacios Herrero, Pablo"]
[Black "Serra Pages, Jordi"]
[Result "0-1"]
[WhiteElo "2183"]
[BlackElo "2251"]
[PlyCount "88"]
[EventDate "2018.07.21"]
[EventType "swiss"]
[EventRounds "9"]
[EventCountry "AND"]

1. e4 e5 2. Nf3 Nc6 3. Bb5 a6 4. Ba4 Nf6 5. Qe2 Be7 6. O-O b5 7. Bb3 d6 8. c3
Bg4 9. a4 Na5 10. Bc2 b4 11. d4 c5 12. dxe5 dxe5 13. h3 b3 14. Bd3 c4 15. Bxc4
Bxf3 16. gxf3 Qc8 17. Bd5 Nxd5 18. exd5 Qxh3 19. Qxe5 Qxf3 20. Bf4 Nc4 21. Qc7
O-O 22. Bg3 Qe4 23. f3 Qe3+ 24. Kg2 Rac8 25. Qd7 Rfd8 26. Qg4 Qe2+ 27. Rf2 Ne3+
28. Kh3 Qxf2 29. Bxf2 Nxg4 30. Kxg4 Rc4+ 31. Bd4 Rxd5 32. Nd2 h5+ 33. Kh3 Rc8
34. Re1 Kf8 35. Nxb3 Rb8 36. Nd2 Rxb2 37. Nc4 Rb8 38. Ne5 Rc8 39. Rb1 Bc5 40.
Bxc5+ Rcxc5 41. Rb8+ Ke7 42. Rb7+ Ke6 43. f4 Rxc3+ 44. Kh4 g5+ 0-1

[Event "Andorra open"]
[Site "Escaldes"]
[Date "2018.07.29"]
[Round "9.20"]
[White "Benet Catala, Anton"]
[Black "Narciso Dublan, Marc"]
[Result "1/2-1/2"]
[WhiteElo "2160"]
[BlackElo "2466"]
[PlyCount "85"]
[EventDate "2018.07.21"]
[EventType "swiss"]
[EventRounds "9"]
[EventCountry "AND"]

1. g3 g6 2. Bg2 Bg7 3. e4 e5 4. c4 d6 5. Nc3 Nc6 6. Nge2 f5 7. d3 Nf6 8. f4
fxe4 9. dxe4 O-O 10. O-O exf4 11. Bxf4 Be6 12. Nd5 Nh5 13. Qd2 Nxf4 14. gxf4
Qd7 15. Rad1 Rf7 16. b4 Raf8 17. c5 Bh3 18. Qe3 Bxg2 19. Kxg2 Re8 20. Ng3 a6
21. a4 h5 22. b5 axb5 23. axb5 Ne7 24. Nxc7 Qxc7 25. cxd6 Qc4 26. dxe7 h4 27.
Qe2 Qc7 28. Rd8 Qxe7 29. Rxe8+ Qxe8 30. Nh1 Bh6 31. Qc4 Kh7 32. f5 gxf5 33.
Rxf5 Rg7+ 34. Kf1 Qg6 35. Nf2 Qg1+ 36. Ke2 Qxh2 37. Rf7 Qd6 38. Rxg7+ Kxg7 39.
Qd5 Qxd5 40. exd5 Kf7 41. Ne4 Ke7 42. Kf3 Kd7 43. Nc5+ 1/2-1/2

[Event "Andorra open"]
[Site "Escaldes"]
[Date "2018.07.29"]
[Round "9.21"]
[White "Barbero Sendic, Alejandro"]
[Black "Dubois, Pierre"]
[Result "1-0"]
[WhiteElo "2388"]
[BlackElo "2105"]
[PlyCount "85"]
[EventDate "2018.07.21"]
[EventType "swiss"]
[EventRounds "9"]
[EventCountry "AND"]

1. e4 e5 2. Nf3 Nc6 3. Nc3 Nf6 4. g3 Bc5 5. Bg2 d6 6. d3 h6 7. Na4 Bb6 8. Nxb6
axb6 9. O-O Bg4 10. c3 Qd7 11. Re1 O-O 12. b4 b5 13. Qc2 Rfe8 14. Bb2 d5 15.
exd5 Nxd5 16. a3 Bf5 17. Nh4 Bh7 18. Rad1 Nb6 19. Be4 Bxe4 20. dxe4 Qh3 21. Qe2
Nc4 22. Rd5 Nd6 23. Nf5 Nxf5 24. exf5 Qxf5 25. Rxb5 Qc8 26. Rd5 Qe6 27. c4 Nd4
28. Qd3 Qh3 29. Rdxe5 Rxe5 30. Rxe5 Ne6 31. Qe2 Rd8 32. Bc3 g6 33. Rd5 Re8 34.
Qe5 Kh7 35. Rd7 Qf5 36. Qxf5 gxf5 37. Rxf7+ Kg6 38. Rf6+ Kg5 39. h4+ Kg4 40.
Kg2 f4 41. f3+ Kh5 42. g4+ Kxh4 43. Rg6 1-0

[Event "Andorra open"]
[Site "Escaldes"]
[Date "2018.07.29"]
[Round "9.23"]
[White "Cuadras Avellana, Jordi"]
[Black "Rothebarth, Ana Vitoria De Paul"]
[Result "1-0"]
[WhiteElo "2240"]
[BlackElo "2080"]
[PlyCount "109"]
[EventDate "2018.07.21"]
[EventType "swiss"]
[EventRounds "9"]
[EventCountry "AND"]

1. c4 e5 2. Nc3 Nf6 3. Nf3 Nc6 4. g3 d5 5. cxd5 Nxd5 6. Bg2 Nb6 7. O-O Be7 8.
a3 O-O 9. b4 Re8 10. d3 Bf8 11. Bb2 a6 12. Ne4 f6 13. Rc1 Be6 14. Nc5 Bxc5 15.
Rxc5 Qd7 16. Re1 Nd8 17. Rc1 c6 18. Nd2 Bd5 19. Ne4 Qf7 20. Nd6 Qe6 21. Nxe8
Qxe8 22. Bxd5+ Nxd5 23. e4 Nc7 24. d4 exd4 25. Qxd4 Nde6 26. Qc4 Kh8 27. Rcd1
Ng5 28. Qe2 Nce6 29. h4 Nf7 30. f4 a5 31. f5 Nc7 32. e5 fxe5 33. Bxe5 Nxe5 34.
Qxe5 Qxe5 35. Rxe5 axb4 36. axb4 Nd5 37. b5 Kg8 38. bxc6 bxc6 39. Rc1 Ra6 40.
Re6 Nb4 41. Rd1 Nd5 42. Rb1 Ra3 43. Rb8+ Kf7 44. Rb7+ Kf8 45. Rxc6 Ne7 46. Rcc7
Re3 47. Kf2 Re5 48. Rc3 h5 49. Re3 Rxf5+ 50. Rf3 Rxf3+ 51. Kxf3 Nd5 52. Ke4 Ne7
53. Kf4 Nd5+ 54. Kg5 Nf6 55. Kg6 1-0

[Event "Andorra open"]
[Site "Escaldes"]
[Date "2018.07.29"]
[Round "9.24"]
[White "Picart, Laurent"]
[Black "Martinez, Ayelen"]
[Result "0-1"]
[WhiteElo "2066"]
[BlackElo "2236"]
[PlyCount "46"]
[EventDate "2018.07.21"]
[EventType "swiss"]
[EventRounds "9"]
[EventCountry "AND"]

1. d4 d5 2. c4 e6 3. Nc3 c6 4. Nf3 dxc4 5. e3 b5 6. a4 Bb4 7. Bd2 a5 8. axb5
Bxc3 9. Bxc3 cxb5 10. b3 Bb7 11. bxc4 b4 12. Bb2 Nf6 13. Bd3 O-O 14. O-O Nbd7
15. Re1 Qc7 16. e4 e5 17. Nxe5 Nxe5 18. dxe5 Nd7 19. e6 fxe6 20. e5 Nc5 21. Bb1
Rad8 22. Qg4 Qc6 23. Rxa5 Rd2 0-1

[Event "Andorra open"]
[Site "Escaldes"]
[Date "2018.07.29"]
[Round "9.25"]
[White "Romero Pallares, Daniel"]
[Black "Baquedano Coarasa, Pablo"]
[Result "1/2-1/2"]
[WhiteElo "2202"]
[BlackElo "2055"]
[PlyCount "55"]
[EventDate "2018.07.21"]
[EventType "swiss"]
[EventRounds "9"]
[EventCountry "AND"]

1. d4 Nf6 2. Bg5 e6 3. e4 h6 4. Bxf6 Qxf6 5. c3 d6 6. Bd3 Nd7 7. Ne2 g6 8. O-O
Bg7 9. f4 O-O 10. Nd2 Qe7 11. e5 Rd8 12. Qc2 c5 13. Nc4 d5 14. Nd6 c4 15. Bxg6
fxg6 16. Qxg6 Nf8 17. Qh5 Bd7 18. g4 Be8 19. Qh3 Rxd6 20. exd6 Qxd6 21. Rae1
Nh7 22. Ng3 Bf7 23. Qg2 Bf6 24. Re3 Re8 25. Qh3 Bg7 26. Qg2 Bf6 27. Qh3 Bg7 28.
Qg2 1/2-1/2